Bologna FC Squad 2024-2025 - Statistics

General Stats
  • This quiz has been taken 317 times
    187 since last reset
  • The average score is 23 of 34
Answer Stats
# Position Nation Player % Correct
1 GK Poland Łukasz Skorupski
94%
7 FW Italy Riccardo Orsolini
91%
9 FW Argentina Santiago Castro
91%
11 FW Switzerland Dan Ndoye
90%
26 DF Colombia Jhon Lucumí
88%
8 MF Switzerland Remo Freuler
87%
3 DF Austria Stefan Posch
86%
19 MF Scotland Lewis Ferguson
85%
24 FW Netherlands Thijs Dallinga
84%
- Coach Italy Vincenzo Italiano
83%
31 DF Netherlands Sam Beukema
79%
30 FW Argentina Benja Domínguez
78%
33 DF Spain Juan Miranda
76%
2 MF Sweden Emil Holm
74%
22 DF Greece Charalampos Lykogiannis
73%
34 GK Italy Federico Ravaglia
73%
21 FW Denmark Jens Odgaard
71%
5 DF Croatia Martin Erlić
71%
6 MF Croatia Nikola Moro
71%
20 MF Switzerland Michel Aebischer
66%
10 FW Sweden Jesper Karlsson
65%
80 MF Italy Giovanni Fabbian
64%
82 MF Poland Kacper Urbański
64%
29 DF Italy Lorenzo De Silvestri
63%
17 MF Morocco Oussama El Azzouzi
63%
14 DF Italy Davide Calabria
61%
15 DF Italy Nicolò Casale
57%
14 FW England Samuel Iling-Junior
56%
18 MF Italy Tommaso Pobega
54%
28 FW Italy Nicolò Cambiaghi
52%
39 FW Spain Estanis Pedrola
29%
23 GK Italy Nicola Bagnolini
28%
16 DF Italy Tommaso Corazza
23%
32 MF Morocco Naïm Byar
10%
No matching quizzes found
Score Distribution
Percent of People with Each Score
Percentile by Number Answered
Your Score History
You have not taken this quiz since the last reset